Χώρες με Περισσότερους από 200 Εκατομμύρια Κατοίκους - Statistics

General Stats
  • This quiz has been taken 48 times
  • The average score is 5 of 7
Answer Stats
Ημερομηνία Πληθυσμός Χώρα % Correct
1761 1426 mil Κίνα
100%
1855 1453 mil Ινδία
94%
1967 349 mil Ηνωμένες Πολιτείες
91%
2018 252 mil Πακιστάν
76%
2012 212 mil Βραζιλία
64%
1997 284 mil Ινδονησία
55%
2019 233 mil Νιγηρία
45%
No matching quizzes found
Score Distribution
Percent of People with Each Score
Percentile by Number Answered
Your Score History
You have not taken this quiz